00676nab a2200217 uc450000100070000000500170000700800410002403500110006503500210007604000130009704100080011010000370011824500650015565000250022065000310024565000250027665000310030177300990033294200100043199900170044111523320240201130104.0961212e19960401 spa  a115233 a(OCoLC)819749792 ccomduadb aspa10aBrown, Timothy4auteaut931802510aDeteccion de fugas ofrece beneficios tangibles e intangibles aCuero curtido919538 aMedidores de caudal920344 aFugas de agua947235 aDesperdicio de agua9123480 tPrevención de la Contaminación (Houston)gVol. 04, No. 02, Abr. 1996, p. 38w102262090813 cARIMP c88465d88465